000 01410cam a2200385 i 4500
999 _c113438
_d113438
001 18787080
003 OSt
005 20190412103421.0
008 150917s2016 oru b 001 0 eng
010 _a 2015036600
020 _a9781849467254
040 _aDLC
_beng
_cDLC
_erda
_dDLC
042 _apcc
043 _ae-uk---
050 0 0 _aKD1924
_b.D44 2016
082 0 0 _a346.4102/9
_223
245 0 0 _aDefences in unjust enrichment /
_cedited by Andrew Dyson, James Goudkamp and Frederick Wilmot-Smith.
264 1 _aPortland, Oregon :
_bHart Publishing,
_c2016.
300 _axxxi, 328 pages ;
_c24 cm.
336 _atext
_2rdacontent
337 _aunmediated
_2rdamedia
338 _avolume
_2rdacarrier
490 0 _aHart studies in private law : essays on defences ;
_vvolume 2
504 _aIncludes bibliographical references and index.
650 0 _aUnjust enrichment
_zGreat Britain.
650 0 _aRestitution
_zGreat Britain.
650 0 _aDefense (Civil procedure)
_zGreat Britain.
700 1 _aDyson, Andrew,
_eeditor.
700 1 _aGoudkamp, James,
_d1980-
_eeditor.
700 1 _aWilmot-Smith, Frederick,
_d1986-
_eeditor.
856 _uhttps://www.bloomsburycollections.com/book/defences-in-unjust-enrichment/
906 _a7
_bcbc
_corignew
_d1
_eecip
_f20
_gy-gencatlg
942 _2ddc
_cEBK